000 00472nam a22001817a 4500
003 MPLRDC
005 20220104173103.0
008 210129b ||||| |||| 00| 0 eng d
020 _a983-9214-64-0
082 _a177.2 MUR
100 _aMIKE MURDOCK
245 _aSECRETS OF THE RICHEST MAN WHO EVER LIVED
_c
250 _a初版
260 _a
_bAVDANTAGE QUEST PUBLICATIONS
_c1998
300 _b
650 _a应用心理学--成功法
942 _cBK
_o177.2 MUR
999 _c59255
_d59245